000
00316nam a2200133Ia 4500
005
20251222144710.0
008
251222s9999||||xx |||||||||||||| ||spa||
020
_a
968-24-7674-7
082
_a
635.642/L51
100
_a
Lesur, Luis
245
0
_a
Manual del Cultivo del Tomate:
264
_b
Trillas
942
_c
LIB
999
_c
17796
_d
17796